|
|
|
|
| LEADER |
00000nas a2200000 a 4500 |
| 001 |
ssj0004746 |
| 003 |
WaSeSS |
| 005 |
20200512172242.0 |
| 006 |
m d |
| 007 |
cr n |
| 008 |
980311c19829999enkfr p s 0 a0eng c |
| 010 |
|
|
|a 2007212736
|
| 015 |
|
|
|a GBB643716
|2 bnb
|
| 016 |
7 |
|
|a 2068450-2
|2 DE-600
|
| 016 |
7 |
|
|a 015113718
|2 Uk
|
| 022 |
|
|
|a 1937-5948
|l 0731-129X
|y 0731-129X
|
| 035 |
|
|
|a (WaSeSS)ssj0004746
|
| 037 |
|
|
|b Taylor & Francis, 4 Park Square, Milton Park, Abingdon, Oxon, OX14 4Rn, UK
|
| 040 |
|
|
|a FGA
|b eng
|c FGA
|d OCL
|d OCLCQ
|d BUF
|d DLC
|d EYM
|d MUQ
|d DLC
|d OCLCQ
|d UKMGB
|d OCLCQ
|d OCLCO
|d OCLCQ
|d OCLCF
|d OCLCO
|d OCLCQ
|d WT2
|d OCLCQ
|d TOF
|d UUM
|d AU@
|d VT2
|d OCLCQ
|d WaSeSS
|
| 042 |
|
|
|a pcc
|a nsdp
|
| 043 |
|
|
|a n-us---
|
| 050 |
1 |
4 |
|a HV7231
|b .C75
|
| 082 |
1 |
0 |
|a 174
|2 14
|
| 130 |
0 |
|
|a Criminal justice ethics (Online)
|
| 222 |
|
0 |
|a Criminal justice ethics
|b (Online)
|
| 245 |
1 |
0 |
|a Criminal justice ethics
|h [electronic resource].
|
| 260 |
|
|
|a New York :
|b John Jay College of Criminal Justice, Institute for Criminal Justice Ethics
|
| 362 |
1 |
|
|a Began with vol. 1, no. 1 (winter/spring 1982).
|
| 500 |
|
|
|a Publisher: Taylor & Francis : Abingdon, Oxon, UK <2007->
|
| 506 |
|
|
|a License restrictions may limit access.
|
| 538 |
|
|
|a Mode of access: World Wide Web.
|
| 588 |
0 |
|
|a First issue; title from table of contents page (Hein Online, viewed Mar. 3, 2008).
|
| 588 |
1 |
|
|a Vol. 25, no. 1 (winter/spring 2006).
|
| 650 |
|
0 |
|a Criminal justice, Administration of
|v Periodicals.
|
| 650 |
|
0 |
|a Criminal justice, Administration of
|z United States
|v Periodicals.
|
| 650 |
|
0 |
|a Social justice
|v Periodicals.
|
| 650 |
|
0 |
|a Social ethics
|v Periodicals.
|
| 650 |
|
6 |
|a Justice pénale
|x Administration
|v Périodiques.
|
| 650 |
|
6 |
|a Justice pénale
|x Administration
|z États-Unis
|v Périodiques.
|
| 650 |
|
6 |
|a Justice sociale
|v Périodiques.
|
| 650 |
|
6 |
|a Morale sociale
|v Périodiques.
|
| 650 |
|
7 |
|a Ethics.
|2 ebps
|
| 650 |
|
7 |
|a Law Enforcement & Intelligence.
|2 ebps
|
| 650 |
|
7 |
|a Criminal justice, Administration of.
|2 fast
|0 (OCoLC)fst00883246
|
| 650 |
|
7 |
|a Social ethics.
|2 fast
|0 (OCoLC)fst01122447
|
| 650 |
|
7 |
|a Social justice.
|2 fast
|0 (OCoLC)fst01122603
|
| 651 |
|
7 |
|a United States.
|2 fast
|0 (OCoLC)fst01204155
|
| 655 |
|
0 |
|a Electronic journals.
|
| 710 |
2 |
|
|a John Jay College of Criminal Justice.
|b Institute for Criminal Justice Ethics.
|
| 776 |
0 |
8 |
|i Print version:
|t Criminal justice ethics
|x 0731-129X
|w (DLC) 82646676
|w (OCoLC)8127732
|
| 856 |
4 |
0 |
|z Full text available from Research Library: 07/01/1996 to 08/31/2011
|u https://search.proquest.com/publication/49045
|